00997nam a22002897a 45000010005000000030006000050050017000110080041000280200018000690400029000870500009001161000021001252450084001462500035002302600036002653000048003014900022003495050009003715200065003805210021004455210021004666000030004877000021005179420015005389990015005539520139005683046FISKH20240201103314.0240201b cb ||||| |||| 00| 0 eng d a9780545016599 aFISKHbengcFISKHdFISKH a420  aDaniels, Mickey  aSome dogs are very good /cby Daniels, Mickey : illustrated by Torrey, Richard  aFirst printing , November 2007 aNew York ;bScholastic , c2007 a16 pages :bcolor illustrations ;c26 cm .  a Sight Word Tales aE  aFind out what Spot is very good at in this very funny story.8 a280 bLexile 8 aE bRaz-Plus  2sight wordsvearly reader aTorrey, Rechard  2ddccBKn0 c3046d3046 00102ddc40708JUVFa001b001cTTPd2024-02-01l4oDAN 420 pFISBK06105q2026-04-08r2026-03-25 12:59:56s2026-03-25w2024-02-01yBK